Evaluación de la capacidad de un humedal artificial como sistema de tratamiento de aguas, para reducir el vertido de agua residual
Gespeichert in:
| 1. Verfasser: | |
|---|---|
| Format: | Buch |
| Veröffentlicht: |
[San José], Costa Rica
2009
|
| Schlagworte: | |
| Tags: |
Tag hinzufügen
Keine Tags, Fügen Sie den ersten Tag hinzu!
|
MARC
| LEADER | 00000nam a2200000Ia 4500 | ||
|---|---|---|---|
| 003 | 001537 | ||
| 005 | 20221231144041.0 | ||
| 008 | 140114s2009 cr ab 000 ||s d | ||
| 040 | |c cru CEDI | ||
| 090 | |a TFG 6051 | ||
| 100 | |a Arrieta Piedra, Marialaura |9 3346 | ||
| 245 | |a Evaluación de la capacidad de un humedal artificial como sistema de tratamiento de aguas, para reducir el vertido de agua residual | ||
| 260 | |c 2009 |b [San José], Costa Rica | ||
| 500 | |a Tesis (licenciatura en ingeniería civil)--Universidad de Costa Rica. Facultad de Ingeniería. Escuela de Ingeniería Civil | ||
| 650 | |x AGUAS RESIDUALES |x PURIFICACION DE AGUAS RESIDUALES |x HUMEDALES |x DISPOSICION DE RESIDUOS |9 3347 | ||
| 942 | |c TFG | ||
| 999 | |c 16169 |d 16169 | ||
